| 000 | 00654 a2200229 4500 | ||
|---|---|---|---|
| 001 | 22624 | ||
| 999 |
_c22624 _d9285 |
||
| 003 | TR-AnTOB | ||
| 005 | 20191104211856.0 | ||
| 008 | 041102s2002 tu tur | ||
| 020 | _a9758515292 | ||
| 041 | _atur | ||
| 050 |
_aBF637.S8 _bM6519 2002 |
||
| 090 | _aBF637.S8 M6519 2002 | ||
| 100 |
_aMulligan, Eileen _916077 |
||
| 245 | 0 |
_aYaşam yönetimi: hayatınızı 7 günde değiştirin / _cEileen Mulligan ; çev. Fatma Can Akbaş. |
|
| 264 | 1 |
_aİstanbul : _bKariyer Yayınları, _c2002 |
|
| 300 |
_a275 p. ; _c21 cm. |
||
| 490 | 0 |
_aKariyer Yayınları; 25. _aGelişim dizisi; 10 |
|
| 650 |
_aBaşarı _912938 |
||
| 902 | _a0004485 | ||
| 942 | _cBK | ||